【プロ野球】 2026年 千葉ロッテマリーンズ 応援歌 - Statistics

General Stats
  • This quiz has been taken 7 times
  • The average score is 18 of 19
Answer Stats
応援歌 選手名 % Correct
ラララ⋯〇〇〇〇 ラララ⋯さぁ今だ振り抜けラララ⋯〇〇〇〇 勝利の一撃を 藤原恭大
100%
ララララ〇〇 ララララ〇〇さあ戦え〇〇 勝利へ導け 栄光の時を目指して 角中勝也
100%
オイ!〇〇!ラララ⋯ 友杉篤輝
100%
ワッショイ!ワッショイ!ワッショイ!ワッショイ! ワッショイ!ワッショイ! そーれ! 安田尚憲
100%
ラララ⋯行け〇〇〇〇 夢見たその先へ 勝利を呼ぶ一打 今放て 藤岡裕大
100%
よっしゃあ!!! 〇〇 〇〇 〇〇〇〇 魂込めた一打を魅せろ オオオオ 〇〇 〇〇 〇〇〇〇 熱く燃えろよ 〇〇 中村奨吾
100%
オイ!オイ!オイ!オイ!……
エルコーヒー エルコーヒー エルコーヒーホームラン エルコーヒーホームラン
ポランコ
100%
オイ! 〇〇!〇〇!〇〇!勝利を掴め 岡大海
100%
ラララ…魅せろ男〇〇ラララ…燃えろ男〇〇 田村龍弘
100%
燃えろ打てよ〇〇ラララ… 気持ちを込めて 佐藤都志也
100%
〇〇×3 ラララ・・・〇〇×3 ラララ行こうぜ 小川龍成
100%
オー 〇〇 オー 〇〇オオオ・・・ オー 〇〇 オー 〇〇 オオオ・・・ オオ 〇〇 オオ ホームラン 山本大斗
100%
バモ〇〇 バモ〇〇 オオオ⋯ 〇〇!ラララララ⋯〇〇! ソト
100%
Go Let's go ララ〇〇Go Let's go ララ〇〇 Go Let's go ララ〇〇 ラララ・・・ 髙部瑛斗
86%
さあゆけ〇〇〇〇オーオオー気迫見せろ この声背に 今立ち向かえ  闘え〇〇〇〇オーオオー 打ち放たれたその一打は ここに勝利呼び込む 西川史礁
86%
ラララ…〇〇 オオオ…×2〇〇!〇〇!ラララ…×2 山口航輝
86%
〇〇 歩み続けろ〇〇 俺たちと 〇〇 夢をのせて 千葉を勝利へ 〇〇 ラララ・・・ 〇〇 ラララ・・・ 〇〇 ラララ・・・ ラララ・・・ 寺地隆成
86%
オイ!オイ!ぶちかませ〇〇 茶谷健太
86%
〇〇!〇〇!〇〇!〇〇!×3オイ!オイ!〇〇! 〇〇 〇〇 ラララララ オオオ… ラララ 〇〇 〇〇 ラララララ オオオ… 石川慎吾
71%
No matching quizzes found
Score Distribution
Percent of People with Each Score
Percentile by Number Answered
Your Score History
You have not taken this quiz